Very Low Countries - Statistics

General Stats
  • This quiz has been taken 115 times
  • The average score is 25 of 42
Answer Stats
Countries # % Correct
Netherlands 322 m
91%
Maldives 2 m
82%
Belgium 694 m
80%
Nauru 71 m
78%
Seychelles 905 m
78%
Tuvalu 5 m
78%
Kiribati 81 m
76%
Saint Lucia 950 m
75%
Vatican City 75 m
75%
Marshall Islands 10 m
74%
Denmark 170 m
73%
Malta 253 m
73%
Palau 242 m
73%
Barbados 336 m
71%
Monaco 161 m
71%
Antigua and Barbuda 402 m
70%
Federated States of Micronesia 791 m
69%
Grenada 840 m
69%
Luxembourg 560 m
69%
Bahamas 63 m
67%
Estonia 318 m
67%
Latvia 312 m
67%
Lithuania 294 m
67%
Mauritius 828 m
66%
Trinidad and Tobago 940 m
66%
San Marino 756 m
65%
Singapore 163 m
64%
Bahrain 134 m
63%
Qatar 103 m
59%
Kuwait 306 m
56%
Gambia 53 m
52%
Belarus 345 m
45%
Guinea-Bissau 300 m
42%
Ghana 880 m
34%
Uruguay 513 m
34%
Benin 658 m
33%
Moldova 430 m
33%
Togo 986 m
33%
Senegal 581 m
30%
Mauritania 915 m
25%
Paraguay 842 m
24%
Burkina Faso 749 m
17%
No matching quizzes found
Score Distribution
Percent of People with Each Score
Percentile by Number Answered
Your Score History
You have not taken this quiz